|
|
|
|
| LEADER |
00000caa a22000002c 4500 |
| 001 |
1645391507 |
| 003 |
DE-627 |
| 005 |
20250111172444.0 |
| 007 |
tu |
| 008 |
160405s2006 xx ||||| 00| ||ger c |
| 035 |
|
|
|a (DE-627)1645391507
|
| 035 |
|
|
|a (DE-576)466351275
|
| 035 |
|
|
|a (DE-599)BSZ466351275
|
| 040 |
|
|
|a DE-627
|b ger
|c DE-627
|e rakwb
|
| 041 |
|
|
|a ger
|
| 084 |
|
|
|a 1
|2 ssgn
|
| 100 |
1 |
|
|a Rodegro, Meike
|4 aut
|
| 245 |
1 |
0 |
|a Traditionsabbruch - Problemanzeige oder Mythos?
|b einige kritische Gedanken zu einem populären Begriff
|c Meike Rodegro
|
| 246 |
3 |
0 |
|a Tradition ; Wandel ; Säkularisierung
|
| 264 |
|
1 |
|c 2006
|
| 336 |
|
|
|a Text
|b txt
|2 rdacontent
|
| 337 |
|
|
|a ohne Hilfsmittel zu benutzen
|b n
|2 rdamedia
|
| 338 |
|
|
|a Band
|b nc
|2 rdacarrier
|
| 500 |
|
|
|a Aufsatz
|
| 601 |
|
|
|a Popularen
|
| 601 |
|
|
|a Begriff
|
| 652 |
|
|
|a AD
|
| 689 |
0 |
0 |
|d s
|0 (DE-588)4060560-7
|0 (DE-627)106139118
|0 (DE-576)209135743
|2 gnd
|a Tradition
|
| 689 |
0 |
1 |
|d s
|0 (DE-588)4234987-4
|0 (DE-627)104905603
|0 (DE-576)210385022
|2 gnd
|a Wandel
|
| 689 |
0 |
2 |
|d s
|0 (DE-588)4051238-1
|0 (DE-627)106178008
|0 (DE-576)209092149
|2 gnd
|a Säkularisierung
|
| 689 |
0 |
|
|5 (DE-627)
|
| 773 |
0 |
8 |
|i In
|t Glaube und Denken
|d Frankfurt am Main : Peter Lang Edition, 1988
|g 19(2006), Seite 37-52
|w (DE-627)16959677X
|w (DE-600)1013746-4
|w (DE-576)023060670
|x 0934-0785
|7 nnas
|
| 773 |
1 |
8 |
|g volume:19
|g year:2006
|g pages:37-52
|
| 889 |
|
|
|w (DE-627)1864457724
|
| 935 |
|
|
|a mteo
|
| 935 |
|
|
|i mdedup
|
| 951 |
|
|
|a AR
|
| ELC |
|
|
|b 1
|
| ITA |
|
|
|a 1
|t 1
|
| LOK |
|
|
|0 000 xxxxxcx a22 zn 4500
|
| LOK |
|
|
|0 001 3313955916
|
| LOK |
|
|
|0 003 DE-627
|
| LOK |
|
|
|0 004 1645391507
|
| LOK |
|
|
|0 005 20160405142919
|
| LOK |
|
|
|0 008 160404||||||||||||||||ger|||||||
|
| LOK |
|
|
|0 040
|a DE-Tue135
|c DE-627
|d DE-Tue135
|
| LOK |
|
|
|0 092
|o n
|
| LOK |
|
|
|0 852
|a DE-Tue135
|
| LOK |
|
|
|0 852 1
|9 00
|
| LOK |
|
|
|0 935
|a ixzs
|a ixmi
|
| LOK |
|
|
|0 936ln
|0 1442043016
|a AD
|
| LOK |
|
|
|0 939
|a 04-04-16
|b l01
|
| ORI |
|
|
|a SA-MARC-ixtheoa001.raw
|
| REL |
|
|
|a 1
|
| STA |
0 |
0 |
|a Change,Change,Transformation,Secularization,Secularization,Secularization,Order,Order,Order,Tradition,Reminiscence,Rites and ceremonies,Manners and customs
|
| STB |
0 |
0 |
|a Changement,Changement,Sécularisation,Sécularisation,Sécularisation,Laïcité,Laïcité,Déchristianisation,Laïcité (motif),Laïcité,Tradition,Rites et cérémonies,Moeurs et coutumes
|
| STC |
0 |
0 |
|a Cambio,Cambio,Secularización,Secularización,Secularización,Tradición
|
| STD |
0 |
0 |
|a Cambiamento,Cambiamento,Secolarizzazione,Secolarizzazione,Secolarizzazione,Tradizione
|
| STE |
0 |
0 |
|a 世俗化,世俗化,俗化,俗化,传统,变化,变迁,转变
|
| STF |
0 |
0 |
|a 世俗化,世俗化,俗化,俗化,傳統,變化,變遷,轉變
|
| STG |
0 |
0 |
|a Mudança,Mudança,Secularização,Secularização,Secularização,Tradição
|
| STH |
0 |
0 |
|a Изменение (мотив),Изменение,Секуляризация (мотив),Секуляризация (каноническое право),Секуляризация,Традиция
|
| STI |
0 |
0 |
|a Αλλαγή (μοτίβο),Αλλαγή,Εκκοσμίκευση (μοτίβο),Εκκοσμίκευση (Κανονικό δίκαιο),Εκκοσμίκευση,Παράδοση
|
| SUB |
|
|
|a REL
|
| SYG |
0 |
0 |
|a Überlieferung,Rückerinnerung , Wandlung , Saecularisatio,Ordensausschluss,Ordensaustritt,Orden,Orden,Entchristlichung,Entkirchlichung,Verweltlichung
|